[Event "CFriend AC-2003-Q-00010 email"]
[Site "Chessfriend.com"]
[Date "2003.07.01"]
[Round "1"]
[White "Niewiadomski, Wieslaw"]
[Black "Koehler, Dennis"]
[Result "1-0"]
[WhiteElo "2328"]
[BlackElo "1457"]
[PlyCount "79"]
[EventDate "2003.07.01"]
[EventType "tourn (corr)"]
[EventRounds "10"]
[SourceTitle "Corr 2024"]
[Source "ChessBase"]
[SourceDate "2023.10.19"]
[SourceVersion "1"]
[SourceVersionDate "2023.10.19"]
[SourceQuality "1"]

1. e4 e5 2. f4 exf4 3. Nf3 g5 4. h4 g4 5. Ne5 d6 6. Nxg4 Nf6 7. Nf2 d5 8. Qe2 Be7 9. d3 Nc6 10. Bxf4 dxe4 11. dxe4 Be6 12. Nc3 Bb4 13. Rd1 Bxc3+ 14. bxc3 Qe7 15. Qf3 Rg8 16. Bg5 Rg6 17. Bb5 Bd7 18. Rxd7 Kxd7 19. Qf5+ Ke8 20. h5 Rxg5 21. Qxg5 Kd7 22. 0-0 Rg8 23. Bxc6+ Kxc6 24. Qe3 Nd7 25. Qd4 Rg5 26. Nd3 b6 27. e5 Kb7 28. Qd5+ c6 29. Rxf7 cxd5 30. Rxe7 Kc8 31. h6 Nc5 32. Rxh7 Rg6 33. Nf4 Rc6 34. Nxd5 Kb8 35. Nf6 Ne6 36. Re7 Ng5 37. Rg7 Ne6 38. Rg8+ Kb7 39. h7 Rxc3 40. h8Q 1-0

[Event "CFriend AO-2003-0-00001 email"]
[Site "Chessfriend.com"]
[Date "2003.06.29"]
[Round "1"]
[White "Erbe, Uwe"]
[Black "Koehler, Dennis"]
[Result "1-0"]
[WhiteElo "2240"]
[BlackElo "1457"]
[PlyCount "187"]
[EventDate "2003.??.??"]
[EventType "tourn (corr)"]
[EventRounds "12"]
[SourceTitle "Corr 2024"]
[Source "ChessBase"]
[SourceDate "2023.10.19"]
[SourceVersion "1"]
[SourceVersionDate "2023.10.19"]
[SourceQuality "1"]

1. d4 Nf6 2. c4 g6 3. Nf3 Bg7 4. Nc3 d6 5. e4 0-0 6. Be2 e5 7. Be3 Ng4 8. Bg5 f6 9. Bh4 Nc6 10. d5 Ne7 11. Nd2 Nh6 12. 0-0 f5 13. f3 f4 14. Nb3 Bf6 15. Bf2 c5 16. dxc6 bxc6 17. Qd3 Nf7 18. Nd2 Be6 19. b4 Nc8 20. Kh1 Bh4 21. Bg1 Rb8 22. b5 c5 23. a4 Kg7 24. Rfd1 h6 25. Nd5 Ne7 26. Nxe7 Qxe7 27. Nb3 Rfc8 28. Nc1 Rc7 29. a5 Rd7 30. Qd2 Qf6 31. Na2 Nh8 32. Nc3 Qf7 33. Qd3 Qe7 34. Nd5 Qf7 35. Qc2 g5 36. Qc3 Ng6 37. b6 axb6 38. Nxb6 Rdd8 39. Rd3 Qc7 40. Rad1 Kf7 41. Nd5 Qc6 42. Ra1 Ra8 43. Bd1 Ra7 44. Qd2 Qc8 45. Ba4 g4 46. fxg4 Bxg4 47. Bd1 Be6 48. Rb3 Kg7 49. Rb6 Ne7 50. Ra3 Nc6 51. a6 Rf8 52. Ba4 Bd7 53. Bxc6 Bxc6 54. Nxf4 Rxf4 55. Qxd6 Rf6 56. Qxc5 Ra8 57. Qxe5 Qe6 58. Ra5 Qxe5 59. Rxe5 Rd8 60. g3 Rd1 61. Kg2 Bg5 62. Re7+ Kg6 63. c5 Rd2+ 64. Kh3 Rd7 65. Rxd7 Bxd7+ 66. g4 Kf7 67. a7 Rf3+ 68. Kg2 Ra3 69. c6 Rxa7 70. cxd7 Rxd7 71. e5 Rd5 72. e6+ Ke7 73. Rc6 Bf4 74. Bc5+ Bd6 75. Bxd6+ Rxd6 76. Rxd6 Kxd6 77. e7 Kxe7 78. Kf3 Kf6 79. Kf4 Kg6 80. h3 Kf6 81. h4 Ke6 82. Ke4 Kf6 83. Kd5 Kf7 84. Ke5 Kg7 85. Kf5 Kf7 86. h5 Kg7 87. Ke6 Kh8 88. Kf6 Kh7 89. Kf7 Kh8 90. Kg6 Kg8 91. Kxh6 Kh8 92. Kg6 Kg8 93. g5 Kh8 94. Kf6 1-0

[Event "CFriend AO-2003-0-00001 email"]
[Site "Chessfriend.com"]
[Date "2003.06.29"]
[Round "1"]
[White "Gehler, Rainer"]
[Black "Koehler, Dennis"]
[Result "0-1"]
[WhiteElo "1700"]
[BlackElo "1457"]
[PlyCount "70"]
[EventDate "2003.??.??"]
[EventType "tourn (corr)"]
[EventRounds "12"]
[SourceTitle "Corr 2024"]
[Source "ChessBase"]
[SourceDate "2023.10.19"]
[SourceVersion "1"]
[SourceVersionDate "2023.10.19"]
[SourceQuality "1"]

1. d4 Nf6 2. c4 g6 3. Nc3 Bg7 4. e4 d6 5. f3 0-0 6. Be3 Nc6 7. Nge2 a6 8. Rb1 b5 9. cxb5 axb5 10. Nxb5 Ba6 11. Nec3 Qd7 12. Be2 Rfb8 13. a4 Nd8 14. d5 e6 15. 0-0 exd5 16. exd5 Nb7 17. b4 Re8 18. Qd2 Nd8 19. Rfc1 Bb7 20. Bg5 Re7 21. Bxf6 Bxf6 22. Ne4 Qf5 23. Nxc7 Rxa4 24. Bb5 Ra3 25. Nxf6+ Qxf6 26. Ne8 Qe5 27. Re1 Re3 28. Rxe3 Qxe3+ 29. Qxe3 Rxe3 30. Rd1 Kf8 31. Nxd6 Ke7 32. Ne8 Kf8 33. Nc7 Kg7 34. Bd3 f5 35. d6 f4 0-1

[Event "CFriend AO-2003-0-00001 email"]
[Site "Chessfriend.com"]
[Date "2003.06.29"]
[Round "1"]
[White "Koehler, Dennis"]
[Black "Quizielvu, Massimo"]
[Result "1/2-1/2"]
[WhiteElo "1457"]
[BlackElo "2174"]
[PlyCount "62"]
[EventDate "2003.??.??"]
[EventType "tourn (corr)"]
[EventRounds "12"]
[SourceTitle "Corr 2024"]
[Source "ChessBase"]
[SourceDate "2023.10.19"]
[SourceVersion "1"]
[SourceVersionDate "2023.10.19"]
[SourceQuality "1"]

1. e4 c5 2. Nc3 d6 3. Bc4 Nf6 4. Nf3 e6 5. 0-0 a6 6. a4 Be7 7. d4 cxd4 8. Qxd4 0-0 9. Bg5 Nc6 10. Qe3 Ng4 11. Bxe7 Nxe3 12. Bxd8 Nxc4 13. Bc7 f6 14. Rad1 Nxb2 15. Rb1 Nc4 16. Rfd1 Rf7 17. Bxd6 e5 18. h3 Be6 19. Bc5 Rd8 20. Rd3 Rc7 21. Ne1 Rxd3 22. cxd3 Nd2 23. Rb2 Nb3 24. Bb6 Rd7 25. Ne2 Nb4 26. d4 exd4 27. Nxd4 Nxd4 28. Rxb4 Nc6 29. Rb1 Ba2 30. Ra1 Be6 31. Rb1 Ba2 1/2-1/2

[Event "CFriend AO-2003-0-00001 email"]
[Site "Chessfriend.com"]
[Date "2003.06.29"]
[Round "1"]
[White "Raugstad, Oddvar"]
[Black "Koehler, Dennis"]
[Result "1-0"]
[WhiteElo "1356"]
[BlackElo "1457"]
[PlyCount "101"]
[EventDate "2003.??.??"]
[EventType "tourn (corr)"]
[EventRounds "12"]
[SourceTitle "Corr 2024"]
[Source "ChessBase"]
[SourceDate "2023.10.19"]
[SourceVersion "1"]
[SourceVersionDate "2023.10.19"]
[SourceQuality "1"]

1. d4 d5 2. e4 dxe4 3. Nc3 e5 4. Nxe4 exd4 5. Bb5+ c6 6. Qe2 Be6 7. Bc4 Bb4+ 8. Nd2 Qe7 9. Bxe6 Qxe6 10. Qxe6+ fxe6 11. Ngf3 c5 12. 0-0 Nc6 13. Nc4 Rd8 14. a3 Ba5 15. Ng5 Ke7 16. Nxa5 Nxa5 17. Re1 Rd6 18. b4 Nc4 19. bxc5 Rc6 20. Rb1 b6 21. cxb6 axb6 22. Nf3 Rd6 23. Rb4 b5 24. Rxb5 Nf6 25. Rc5 Nb6 26. Bf4 Rd5 27. Rc6 Nbd7 28. Rcxe6+ Kf7 29. Re7+ Kg6 30. Rd1 Ra8 31. Nh4+ Kh5 32. Rxg7 Rxa3 33. c4 Rda5 34. h3 Nf8 35. Nf5 Rxf5 36. g4+ Kh4 37. gxf5 Nh5 38. Bg5+ Kxh3 39. Rf7 Ng6 40. fxg6 hxg6 41. c5 d3 42. c6 Kg4 43. Be3 g5 44. f3+ Kh3 45. c7 Rc3 46. Kf2 Rc2+ 47. Bd2 Rxd2+ 48. Rxd2 g4 49. c8Q Kh2 50. Qxg4 Nf4 51. Rh7+ 1-0

[Event "CFriend AT-2003-0-00009 email"]
[Site "Chessfriend.com"]
[Date "2003.04.29"]
[Round "1"]
[White "Jeremejev, Artjom"]
[Black "Koehler, Dennis"]
[Result "1/2-1/2"]
[WhiteElo "1932"]
[BlackElo "1457"]
[PlyCount "115"]
[EventDate "2003.??.??"]
[EventType "tourn (corr)"]
[EventRounds "2"]
[SourceTitle "Corr 2024"]
[Source "ChessBase"]
[SourceDate "2023.10.19"]
[SourceVersion "1"]
[SourceVersionDate "2023.10.19"]
[SourceQuality "1"]

1. e4 e6 2. d4 d5 3. Nd2 Nc6 4. c3 e5 5. exd5 Qxd5 6. dxe5 Nxe5 7. Ngf3 Bg4 8. Be2 0-0-0 9. 0-0 Nxf3+ 10. Bxf3 Bxf3 11. Qxf3 Nf6 12. Qxd5 Nxd5 13. Nf3 Bc5 14. Bg5 f6 15. Bh4 Nf4 16. Rfd1 g5 17. Bg3 Ne2+ 18. Kf1 Nxg3+ 19. hxg3 h5 20. Rxd8+ Rxd8 21. Ke2 Re8+ 22. Kf1 a5 23. Re1 Rd8 24. Re6 Rd1+ 25. Re1 Rd6 26. Re2 Kd7 27. Rd2 a4 28. Rxd6+ Kxd6 29. Ke2 Kd5 30. Nd2 b5 31. f3 f5 32. Kd3 Bd6 33. Nf1 c5 34. b3 axb3 35. axb3 Ke6 36. c4 b4 37. g4 hxg4 38. fxg4 fxg4 39. Ne3 Ke5 40. Nxg4+ Kf4 41. Ne3 g4 42. Nf1 Be7 43. Ne3 Bd8 44. Ke2 Kg3 45. Kf1 Bf6 46. Nd5 Be5 47. Ne3 Bf4 48. Nf5+ Kh2 49. Kf2 Be5 50. Kf1 Bb8 51. Kf2 Bf4 52. Kf1 Be5 53. Kf2 Bf6 54. Kf1 g3 55. Nd6 Bg5 56. Ne4 Be7 57. Nd2 Bf6 58. Ne4 1/2-1/2

[Event "CFriend AT-2003-0-00006 email"]
[Site "Chessfriend.com"]
[Date "2003.04.04"]
[Round "1"]
[White "Koehler, Dennis"]
[Black "Delooz, Philippe"]
[Result "1/2-1/2"]
[WhiteElo "1457"]
[BlackElo "2023"]
[PlyCount "112"]
[EventDate "2003.??.??"]
[EventType "tourn (corr)"]
[EventRounds "2"]
[SourceTitle "Corr 2024"]
[Source "ChessBase"]
[SourceDate "2023.10.19"]
[SourceVersion "1"]
[SourceVersionDate "2023.10.19"]
[SourceQuality "1"]

1. e4 c6 2. d4 d5 3. exd5 cxd5 4. Bd3 Nc6 5. Nf3 Bg4 6. c3 Qc7 7. 0-0 e6 8. h3 Bh5 9. Nbd2 Bd6 10. Re1 Nge7 11. Nf1 Rc8 12. g4 Bg6 13. Nh4 Bxd3 14. Qxd3 a5 15. Bd2 a4 16. Nf3 0-0 17. Ng5 Ng6 18. h4 Rfe8 19. h5 Nf8 20. h6 gxh6 21. Nf3 Nd7 22. Bxh6 Ne7 23. Ng5 Ng6 24. Ng3 Bxg3 25. fxg3 a3 26. bxa3 Qxc3 27. Rad1 Re7 28. Nf3 Nb6 29. Re3 Qxd3 30. Rexd3 Rc6 31. Rb3 Nc4 32. Rdb1 Na5 33. Rb5 Ra6 34. Rc5 Ra8 35. Rb4 Ree8 36. Rc7 Rac8 37. Rxc8 Rxc8 38. Rb5 Ra8 39. Bc1 Ra7 40. g5 Ne7 41. Bf4 Nc4 42. Rb3 Ng6 43. Bc1 Kf8 44. Ne1 Kg7 45. Nf3 Nf8 46. g4 Ng6 47. Kf2 Ne7 48. Ke2 Na5 49. Rb5 Nec6 50. Kd3 Nc4 51. Rb3 b6 52. Rc3 Ra4 53. Rb3 Ra6 54. Kc2 b5 55. Kc3 Ra5 56. Kd3 Kf8 1/2-1/2